| 000 -LEADER |
| fixed length control field |
00368nam a2200145Ia 4500 |
| 003 - CONTROL NUMBER IDENTIFIER |
| control field |
OSt |
| 005 - DATE AND TIME OF LATEST TRANSACTION |
| control field |
20260326131952.0 |
| 008 - FIXED-LENGTH DATA ELEMENTS--GENERAL INFORMATION |
| fixed length control field |
260210s9999 xx 000 0 und d |
| 020 ## - INTERNATIONAL STANDARD BOOK NUMBER |
| International Standard Book Number |
9783869224916 |
| 100 ## - MAIN ENTRY--PERSONAL NAME |
| Personal name |
Wolfgang Sonne |
| 245 #0 - TITLE STATEMENT |
| Title |
Urbanity And Density In The 20Th-Century Urban Design |
| 260 ## - PUBLICATION, DISTRIBUTION, ETC. (IMPRINT) |
| Name of publisher, distributor, etc |
DOM Publishers |
| 300 ## - PHYSICAL DESCRIPTION |
| Extent |
360 pages |
| 942 ## - ADDED ENTRY ELEMENTS (KOHA) |
| Item type |
B.PLAN |
| Source of classification or shelving scheme |
|